1213 1791 1318 1300 1403 1164 1708 1775 1751 1585 1686 1449 1717 1921 1855 1447 1325 1823 1507 1496 1839 1735 1368 1340 1525 1986 1225 1048 1158 1841 1084 1080 1525 1053 1026 1943 1209 1412 1187 1696 1677 1923 1117 1844 1940 1288 1973 1433 1271 1531 1035 1164 1151 1822 1327 1050 1200 1907 1944 1592 1435 1907 1248 1906 1826 1819 1911 1106 1558 1400 1446 1890 1424 1963 1546 1250 1435 1389 1496 1203 1732 1184 1003 1704 1218 1447 1555 1310 1133 1346 1828 1661 1754 1946 1345 1573 1170 1719 1046 BCNSPRNW ULIB Ver.6.0+V

เปลี่ยนเป็นภาษาไทย

Change to English
 แสดงรายละเอียดบรรณานุกรม
  กลับหน้าหลัก

Brief Record : Get Marc (ISO 2709) : E-mail record : QR code < ปิดหน้าต่าง
LEADER : 00000nam 2200000uu 4500
001    13399112980
003     ULIB
008    110921s2545||||th 000 0 tha d
020    9747803976
060 04 WU640^bก491 2545
245 00 การปลูกถ่ายฟัน :^bการวางแผนผ่าตัดและการประเมินผล /^cอรสาไวคกุล, บรรณาธิการ
260    กรุงเทพฯ :^bโฮลิสติก พับลิชชิ่ง,^c2545
300    190 หน้า :^bภาพประกอบ (ภาพสีบางภาพ) ;^c30 ซม.
504    บรรณานุกรมและดัชนี
650  4 ฟัน^xการปลูกถ่าย
650  4 ฟัน^xศัลยกรรม
700 0  อรสา ไวคกุล,^eบรรณาธิการ
710 2  มหาวิทยาลัยมหิดล. ^bคณะทันตแพทยศาสตร์. ^bภาควิชาศัลยศาสตร์
995     เกษร
999 ^a ใช้งานได้ทุกระบบ
รายการนี้ยังไม่มีแท็ก
คุณยังไม่ได้ล็อกอิน คุณสามารถมีกิจกรรมร่วมกับเว็บไซต์ได้ แต่ต้องล็อกอินก่อน ::
  ล็อกอิน

รายการสื่อสารสนเทศ

ลำดับที่ ประเภท เลขเรียก/บาร์โค้ด สถานที่ สถานะ
- ไม่พบข้อมูล -

BibComment


ยังไม่เคยถูกคอมเมนท์

คอมเมนท์ทรัพยากรรายการนี้
  คอมเมนท์: การปลูกถ่ายฟัน ก..


 Copyright 2026. Bcnsprnw @Library